000 00324nam a2200133Ia 4500
003 GCL
008 140319s9999 xx 000 0 ara d
040 _aGCL /
_cGCL
082 0 4 _a811.9
_bك ر
100 1 _aكمال اسماعيل
245 1 0 _aربيع يوليو /
_cكمال اسماعيل
300 _a91 ص
490 _a
999 _c47538
_d47538